[Event "Olympiad"]
[Site "Torino (Italy)"]
[Date "2006.05.25"]
[Round "5"]
[White "Zhukova, Natalia"]
[Black "Kosteniuk, Alexandra"]
[Result "1-0"]
[WhiteElo "2425"]
[BlackElo "2540"]
[Annotator "Kosteniuk, A"]
[PlyCount "177"]
[EventDate "2006.??.??"]
[Source "EDAMI"]
[SourceDate "2006.12.20"]

{Es más fácil y agradable comentar partidas ganadas, pero en esta competición,
esta partida en particular me parece que fue una de las decisivas para el
resultado final. El equipo ruso se enfrentaba al de Ucrania en la quinta ronda.
Nosotras ibamos primeras, con un punto y medio sobre las ucranianas y
naturalmente queríamos llegar al primer día de descanso con emociones
positivas.} 1. d4 d5 2. c4 e6 3. Nf3 Nf6 4. Bg5 Bb4+ 5. Nc3 O-O 6. e3 c5 7.
cxd5 exd5 8. Bd3 c4 9. Bc2 Nbd7 10. O-O Qa5 11. Ne2 {Diagram #} Ne4 $2 {
En esta variante controlar la casilla e4 es muy importante para las negras y
por ello} (11... Re8 {es mucho más fuerte}) 12. Bf4 Re8 13. a3 Bf8 14. Bxe4
dxe4 15. Nd2 Nb6 16. Nc3 {Ahora resulta claro porqué 11. ...Ne4 no ha
funcionado bien para las negras, que tienen dificultades para defender sus
peones en e4 y c4.} Bf5 {Diagram #} (16... Qf5 17. f3 (17. Qe2 $6 Qg6 (17...
Be6 18. Ndxe4)) 17... exf3 18. Qxf3 Qg6 19. a4 {las blancas tienen ventaja.})
17. Bc7 {Esta jugada me dejó muy aliviada, ya que durante la partida tenía
miedo sobre todo de} (17. Qh5 $1 {(con idea de Nde4)} g6 18. Qe2 Nd5 19. Nxd5
Qxd5 20. Qxc4 {ganando un peón.}) ({Intentar ganar un peón de inmediato con} 
17. Qc2 Rac8 18. Ndxe4 {sólo puede ser bueno para las negras} Nd5 19. f3 (19.
Rfe1 Qd8) (19. Be5 f6 20. Nxd5 Qxd5 21. Nxf6+ gxf6 22. Qxf5 fxe5) 19... Nxf4
20. exf4 Qb6 $15) 17... Qa6 {
Aquí no veo como las blancas pueden aprovecharse de mis peones débiles.} 18. f3
(18. Qe2 Rac8 19. Bxb6 Qxb6 20. Nxc4 Qa6 21. Nd2 Qxe2 22. Nxe2 Rc2 {
las negras están mejor}) (18. Qc2 Rac8 19. Bxb6 Qxb6 20. Ncxe4 Qh6 $5 {
durante la partida pensé que incluso tras} (20... Bxe4 21. Nxe4 Qg6 22. f3 f5
23. Ng3 Rxe3 24. Qxf5 Qxf5 25. Nxf5 Rb3 {las negras están mejor}) 21. g3 g5 {
pero esta continuación sugerida por el ordenador, es claro está, preferible.
La idea es jugar g4 yQg6}) 18... exf3 19. Qxf3 Bg6 20. e4 (20. Bxb6 $5 axb6 21.
Nd5 Rac8 22. e4 b5 $13) 20... Rac8 {Aquí pensé que lo peor había pasado y a
pesar del fuerte centro de las blancas empezó a gustarme mi posición.} 21. Bg3
Na4 22. Nd5 $2 {Diagram # Casi perdedora} (22. Rab1 {era mejor.}) 22... Qa5 $6
{Ahora no puedo explicar porqué no continué con la obvia} (22... Nxb2 23. Nc7
Qb6 24. Nxe8 Qxd4+ 25. Qf2 Qxf2+ 26. Bxf2 Rxe8 $17 {
y las negras están mucho mejor.}) 23. b4 Qd8 24. e5 Kh8 $1 25. Bf2 c3 26. Nb3
b6 27. Rac1 c2 28. Nd2 a5 29. Qb3 axb4 30. axb4 b5 31. Nf4 Bf5 32. Qxf7 Bxb4
33. Nf3 ({Después de} 33. Qxf5 Bxd2 34. Ne6 Rxe6 35. Qxe6 Nc3 36. Bh4 Qg8 (
36... Ne2+ $2 {no funciona} 37. Kh1 Nxd4 (37... Qg8 $4 38. Qxc8 Qxc8 39. Rxc2
$18) 38. Qg4 g5 39. e6 Nxe6 40. Qxe6 Bxc1 41. Qe5+ Kg8 42. Qe6+ Kh8 $11 {
con jaque continuo}) 37. Qxg8+ Kxg8 38. Rxc2 Ne2+ 39. Kf2 Rxc2 40. Kxe2 Bg5+
41. Kd1 Rc1+ 42. Ke2 Rxf1 43. Bxg5 Rg1 {y las negras ganan.}) 33... Rf8 34. Qb3
Rc4 (34... Bc3 {era también interesante, con la simple idea de jugar Bb2}) 35.
Nh4 $2 (35. Ne2 {para impedir al caballo negro ir a c3}) 35... Nc3 36. Kh1 {
Diagram #} Qa8 ({Lo más fuerte y el camino más simple para ganar era} 36... Ne4
$1 37. Nxf5 Rxf5 38. Be3 Nd2 39. Bxd2 Bxd2 40. Qxb5 Qc8 41. Ne2 Bxc1 42. Rxf5
Ba3 $19) (36... Qg5 {puede que también gane, pero es mucho más complicado,
especialmente con un ritmo de juego de 30 segundos por jugada.} 37. Nxf5 Qxf5
38. Bg1 Nd1 (38... Qe4 $2 39. Rxc2 $1 Rxf4 40. Rxf4 Qxf4 41. Rf2 Qxd4 42. Qxb4
Qxf2 43. Qe7 {las blancas ganan.}) 39. Qf3 Rc3 (39... g5 40. Nd3 Qxf3 41. gxf3
Ba3 42. Rxc2 Rxc2 43. Rxd1 b4 44. d5 b3 45. d6 Kg7 46. d7 Be7 47. e6 Kg6 (47...
Kf6) 48. Bc5)) 37. Nxf5 Rxf5 38. Nd3 Ne4 {El tiempo pasaba rápido y yo
simplemente no era capaz de calcular todas las variantes. Probablemente, lo
más fuerte aquí era} (38... Nd5 $5 39. Nxb4 Nxb4 {poseo un fuerte peón "c2 y
resulta difícil encontrar buenas jugadas para las blancas.}) ({
Por un momento quería jugar} 38... Nd1 39. Kg1 {pero no veía como seguir aquí}
(39. Rxc2 Ne3) (39. Nxb4 Rxf2 40. Rxf2 Nxf2+ 41. Kg1 Rxb4 42. Qxb4 Nd3 43. Qd2
Nxc1 44. Qxc2 {también pudimos llegar a esta posición en la partida. A pesar
de la pieza de más, la posición es bastante complicada y 2 peones centrales
dan suficiente compensación.}) 39... Qa3 40. Qxa3 Bxa3 41. Rcxd1 cxd1=Q 42.
Rxd1 {con una posición incierta.}) (38... Ne2 $6 39. Rxc2 Nxd4 40. Qa2 $13) 39.
Rxc2 ({Tras} 39. Nxb4 Rxf2 40. Rxf2 Nxf2+ {
llegamos a la posición de la variante anterior.}) (39. Be3 Nd2 40. Bxd2 Rxf1+
41. Rxf1 Bxd2 42. Qxb5 c1=Q 43. Nxc1 Rxc1 44. Rxc1 Bxc1 {durante la partida,
no fuí capaz de valorar esta clase de posición, incluso ahora no estoy segura
al 100% de su evaluación}) 39... Nd2 40. Rxd2 Bxd2 41. Rd1 (41. Qxb5 $2 Rxd4 {
ganando.}) 41... Bb4 $6 {
Hice esta jugada porque no comprendía la posición que se alcanza tras} (41...
Rc3 42. Qxb5 (42. Qe6 Rg5) 42... Rxd3 43. Qxd3 Rxf2 44. d5 {
y los dos peones en el centro me parecían demasiado amenazadores.}) 42. Bg3 $2
(42. d5 $5 {parece muy fuerte y aunque la posición continúa incierta, es más
fácil jugar con las blancas aquí.} Bc3 43. Qxb5 Rc8) (42. Bg1 Rg5 {
amenazando mate en g2}) 42... Be7 (42... Rxd4 $1 {
Naturalmente, debí haber encontrado esta jugada. Tras} 43. Nxb4 {
las negras tienen una agradable elección} Rd2 $1 (43... Rxd1+ 44. Qxd1 Qf8 {
ganando.}) 44. Nd5 Rxd1+ 45. Qxd1 Qxd5) 43. h3 $2 Rxd4 44. Qxb5 h5 45. Kh2 h4
46. Bf2 Rxd3 47. Qxd3 Rxf2 {
La partida está casi decidida y yo "sólo" tenía que terminarla.} 48. Qg6 Qf3
49. Rd4 Qf7 50. Qc6 Bg5 51. Rg4 Rd2 $6 {Naturalmente la posición todavía es
ganadora, pero a partir de esta jugada inicié la maniobra que finalmente me
llevó a la catástrofe.} (51... Bf4+ {
ganaba, claro está. Pero no me di cuenta de que tras} 52. Kg1 {tenía} Bg3 $1 {
ganando.} 53. Qa8+ Kh7 54. Rxh4+ Bxh4 55. Qe4+ Kg8) 52. Qa8+ Rd8 {Aquí tenía
última ocasión de terminar la partida de un modo correcto. Por un momento,
estuve dudando entre la jugada que hice y} (52... Kh7 {
pero desgraciadamente para mí, realicé la elección equivocada.} 53. Qe4+ Kh6
54. Rxh4+ Bxh4 55. Qxh4+ Kg6 56. Qg4+ Kh7) 53. Qe4 {Diagram #} Be7 $4 {
Naturalmente, todavía podía ganar con} (53... Qe7 54. Qf5 Bh6 {pero simplemente
no era mi hora. Encontré la única casilla para mi torre y además la única
jugada que tira por la borda todo lo que había conseguido durante la partida.})
54. Rxh4+ Kg8 55. Qh7+ Kf8 56. Qh8+ Qg8 57. Rf4+ Bf6 58. Qxg8+ Kxg8 59. exf6
gxf6 (59... Rf8 {también perdía} 60. f7+ Rxf7 61. Rxf7 Kxf7 62. Kg3 Kg6 63. Kf4
Kf6 64. h4 Kg6 (64... g6 65. g3 Kf7 66. Kg5 Kg7 67. g4) 65. g4 Kf6 66. h5) 60.
Rxf6 {El resto es fácil para las blancas} Rd3 61. h4 Kg7 62. Rf4 Kg6 63. g3 Kh5
64. Kh3 Ra3 65. Rf5+ Kg6 66. Rc5 Ra4 67. h5+ Kh6 68. g4 Ra1 69. Rc6+ Kh7 70.
Kh4 Ra5 71. Rc7+ Kh8 72. h6 Ra6 73. Kh5 Rb6 74. g5 Rb5 75. Re7 Ra5 76. Kg4 Ra1
77. Kf5 Rf1+ 78. Kg6 Rf8 79. Kh5 Rf5 80. Kg4 Rf1 81. g6 Rg1+ 82. Kf5 Rf1+ 83.
Ke6 Re1+ 84. Kd7 Rd1+ 85. Ke8 Kg8 86. Rg7+ Kh8 87. Rh7+ Kg8 88. Rg7+ Kh8 89.
Rf7 1-0

[Event "37th Olympiad"]
[Site "Turin ITA"]
[Date "2006.06.03"]
[Round "12"]
[White "Shirov, Alexei"]
[Black "Gurevich, Mikhail"]
[Result "1-0"]
[WhiteElo "2699"]
[BlackElo "2643"]
[Annotator "Rahal, M"]
[PlyCount "53"]
[EventDate "2006.05.21"]
[Source "EDAMI"]
[SourceDate "2006.12.20"]

1. e4 e6 2. d4 d5 3. Nc3 Nf6 4. Bg5 dxe4 5. Nxe4 Nbd7 6. Nf3 h6 7. Nxf6+ Nxf6
8. Be3 {También se juegan 8.Bh4 y 8.Bxf6 pero la mayoría de los GM más fuertes
prefieren esta retirada.} Nd5 ({En caso de} 8... Bd6 {puede seguir} 9. Qd3 b6
$5 10. Ne5 $1 Bb7 11. Qb5+ Nd7 12. O-O-O a6 13. Qb3 {y las blancas tienen la
iniciativa en la partida Polgar,J-Bareev,E/Hastings 1992}) 9. Bd3 {Permitir el
cambio del alfil es una idea muy típica en esta variante. A cambio de la
pareja, las blancas consiguen un fuerte centro de peones y la columna-f
semiabierta.} ({
En una partida anterior Shirov empleó otra jugada también frecuente.} 9. Qd2
Bb4 10. c3 Bd6 11. Bd3 Bd7 12. O-O-O Qe7 13. c4 Nxe3 14. fxe3 c5 15. Qc3 O-O
16. Be4 Ba4 17. b3 cxd4 18. exd4 Bc6 19. Qe3 Rfd8 20. Kb1 Rac8 21. Rhf1 a6 22.
g4 Qc7 23. Bxc6 bxc6 24. h4 c5 25. g5 Bf4 26. Qe4 cxd4 27. g6 Rf8 28. Nxd4 e5
29. Ne2 fxg6 30. Qxg6 Qe7 31. h5 Rxc4 32. bxc4 Rb8+ 33. Ka1 e4 34. Rxf4 Qb4 35.
Qe6+ Kh8 36. Qe5 {1-0 Shirov,A-Vallejo Pons,F/Monte Carlo 2004/CBM 099 ext}) ({
Por último la retirada} 9. Bd2 Bd6 10. Bd3 {transpone a la partida}) 9... Bd6 (
{Si las negras quieren cambiar en e3 lo deben hacer ahora, por ejemplo} 9...
Nxe3 10. fxe3 Bd6 11. O-O O-O 12. c3 Qe7 13. Bc4 e5 $5 14. dxe5 Bc5 15. Qb3
Bxe3+ 16. Kh1 Bb6 17. Nd4 $14 {Arencibia,W-Rahal,M/Barbera 1996}) 10. Bd2 $5
Nf4 11. Bxf4 Bxf4 12. Qe2 {# Esta posición es bastante parecido a la que surge
después de 8.Bxf6 con la diferencia de que la dama negra está en d8 en vez de
f6 (algo mejor), pero donde el alfil en f4 está fuera de juego. La posición es
ligeramente favorable para las blancas, por su ventaja de desarrollo y la
dificultad de las negras para desarrollar adecuadamente el alfil de c8. En la
próximas jugadas las negras no puede enrocar corto por Qe4!} c6 $146 (12... Qd5
{era la jugada conocida hasta ahora.}) 13. O-O Qc7 14. c4 c5 {Gurevich intenta
reaccionar en el centro, ya que las blancas amenazan la idea g3 y c5.} (14...
Bd7 15. g3 Bd6 16. c5 Be7 17. Ne5 {con clara ventaja de espacio de las blancas}
) 15. dxc5 Qxc5 16. a3 Qc7 17. b4 Bd7 18. g3 Bd6 19. c5 Be7 20. Ne5 {Shirov ha 
incrementado su ventaja de espacio, y tiene clara ventaja, y provoca el error
de Gurevich. #} Bf6 $2 ({
Era necesario conformarse con una posición inferior con el enroque.} 20... O-O
21. Nxd7 Qxd7 22. Rad1 $16) {#} 21. Nxd7 $1 {Shirov sacrifica la calidad pero
ha calculado lejos. Además, Alexei es imparable en posiciones tácticas.} Bxa1
22. Bb5 $1 O-O-O 23. Rd1 $1 {La justa. Las blancas defienden su caballo, y
amenaza c6 abriendo una brecha definitiva en el enroque de las negras.} e5 {
Intentando retirar el alfil a d4, cerrando el paso a la torre, pero no sirve.}
({Las alternativas no funcionan} 23... a6 24. Nb6+ Kb8 25. Rxa1 axb5 26. a4 $1
$18) ({O bien} 23... Bc3 24. c6 $1 Rxd7 25. Rxd7 $18) 24. c6 $1 a6 {
Pierde, pero no hay alternativa} (24... b6 25. Ba6+) (24... bxc6 25. Ba6+) (
24... Bd4 25. cxb7+ Kxb7 26. Qe4+ Kc8 27. Qa8+ Qb8 28. Qxb8#) 25. cxb7+ Kxb7
26. Qe4+ Ka7 27. Bc6 $1 {Las negras abandonan ya que no hay defensa contra 28.
Qe3+ ya que si 27...Bd4 sigue 28.Rxd4.} 1-0

[Event "37th Olympiad"]
[Site "Turin ITA"]
[Date "2006.05.23"]
[Round "3"]
[White "Oms Pallise, Josep"]
[Black "Abdulla, A."]
[Result "1-0"]
[WhiteElo "2496"]
[BlackElo "2484"]
[Annotator "Oms, J"]
[PlyCount "83"]
[EventDate "2006.05.21"]
[Source "EDAMI"]
[SourceDate "2006.12.20"]

{En mi opinión esta fuerza mi mejor partida de la Olimpiada de Torino. Es
evidente que en ella hay incorrecciones por parte de los dos jugadores, pero
sinceramente mi juego es un poco así con lucha aguda e intensa y con errores
que sin duda forman parte de este dificil juego.} 1. d4 d5 2. c4 c6 3. Nf3 Nf6
4. Nc3 dxc4 5. a4 Bf5 6. Ne5 Nbd7 7. Nxc4 Qc7 8. g3 e5 9. dxe5 Nxe5 10. Bf4
Nfd7 11. Bg2 g5 {Esta idea es una invención de Morozevich uno de los genios de
nuestro tiempo. La puso por primera vez en practica en una partida contra
Kasparov. Hoy en dia es una de la variantes principales de esta linia.} 12.
Bxe5 {Esta jugada se hizo famosa despues de la contundente victoria de Jobava
contra Grischuk en la Olimpiada de Calvià de 2004.} (12. Ne3 {
Antiguamente esta era la opción preferida para las blancas.}) 12... Nxe5 13.
Qd4 f6 14. O-O-O Be7 15. Ne3 Bg6 ({En la partida original las negras
prefirieron jugar el Alfil por e6, pero enseguida se encontraron con una
posición incomoda.} 15... Be6 16. Qe4 Bb3 17. Rd2 O-O 18. h4 gxh4 $2 19. Qxh4
Rf7 20. Nf5 $40 Kh8 21. Be4 $1 Raf8 $2 (21... Bb4 $8 22. Nh6 Rg7 23. Qxf6 $16)
22. f4 $18 Nc4 23. Ng7 $3 Rxg7 $8 24. Bxh7 f5 25. Qh5 Bh4 26. Bxf5+ {
1-0 Jobava,B-Grischuk,A/Calvia (ol) 2004}) 16. h4 {Segun mi base de datos esta
jugada es novedad. La verdad és que en su momento havia mirado esta posición,
però durante la partida no pude recordar nada. O sea que tuve que empezar ha
improvisar.} Qb6 {Esta es la idea del negro, buscar el cambio de dama y hacer
valer la pareja de alfiles y la debilidad blanca de la casilla b4.} 17. Qxb6 {
No queria cambiar las damas, pero despues de pensar un buen rato no encontre
alternativa alguna; por ejemplo;} (17. hxg5 Qxd4 18. Rxd4 Bc5 19. Rd2 Bxe3 20.
fxe3 fxg5 {I el negro tiene una posición excelente, especialmente por la
estructura de peones y la buena ubicación de su caballo.}) 17... axb6 18. h5 {
Mi intención es conseguir la casilla f5 para el caballo blanco.} Bf7 19. f4 Nc4
(19... Nd7 {Esta era la alternativa, bastante lògica por cierto. Y no es del
todo claro como las blancas consiguen sacar ventaja en esta posición.} 20. Nf5
Nc5) 20. Nf5 g4 {Esta jugada me cogió totalmente por sorpresa, no la esperaba
en absoluto. Esta claro que las negras quieren cerrar la apertura de linias en
el flanco de rey, pero sinceramente no creo que sea la mejor opción.} (20...
gxf4 21. gxf4 Bc5 22. Ne4 $14) (20... Rg8 21. b3 (21. Nh6 Rg7 22. Nxf7 Rxf7 23.
Bh3 f5 24. e4 g4 25. Bf1 Ne3 26. Re1 Bc5 27. Bd3) 21... Na5 22. Nh6) 21. Kb1 {
Antes de tomar decisiones decidí de mejorar mi ubiación de piezas, no obstante
era mejor:} (21. Rd3 {Con la simple intención de doblar torres.} Rd8 22. Rxd8+
Kxd8 23. Rd1+ Ke8 24. Ng7+ Kf8 25. Rd7 $14) 21... Ra5 (21... Bb4 22. Ne4 O-O
23. Nxf6+ Kh8 24. Nxg4) 22. Be4 Be6 {Esto ya es una concesión importante por
mi adversario. Su alfil de casillas blanques es demasiado importante para
permitir que te lo puedan cambiar con tanta facilidad.} 23. Ng7+ Kf7 24. Nxe6
Kxe6 25. Bc2 $1 Nd6 26. Bb3+ Kd7 27. e4 Kc7 28. Be6 (28. h6 {Durante el juego
estuve dudando de si realizar primero este avanze de peón o no. Es evidente
que las blancas doblaran torres, entonces las negres tendran que disputar la
columna d, y tras los cambios la debilidad de h7 se harà mucho más patente.})
28... h6 29. Rhe1 ({Hasta este momento había llevado muy bien la partida. Pero
cada vez me quedaba menos tiempo y la imprecisiones empezaron a hacerse notar.
Ganaba muy facilmente con:} 29. e5 fxe5 30. b4 Raa8 31. fxe5 Nc8 32. Rd4 $18 {
Con una ventaja abrumadora.}) 29... Rxh5 30. e5 fxe5 31. Bxg4 Rh2 32. fxe5 Nc8
33. Rd7+ Kb8 34. Ne4 h5 35. Be6 Bb4 (35... h4 {Esta jugada me preocupaba mucho
durante la partida. Sinceramente creo que es la gran oportunidad que las
negras tienen para salvar el punto.} 36. gxh4 Bxh4 37. Rg1 Re2 38. Rgg7 Be7)
36. Red1 Re8 37. Ng5 Ne7 38. Bf7 Rh8 39. Ne6 Re2 40. Nd8 Rxe5 41. Rxb7+ Ka8 42.
Rc7 1-0